000 00281nam a2200109Ia 4500
008 200302s9999 xx 000 0 und d
100 _aTan Hock Beng
245 _aTropical Architecture and Interiors
260 _bPage One Publishing Pvt., Ltd.,
260 _c1994
300 _a220 P.,
999 _c1097
_d1097